000 01173nam a2200253Ia 4500
003 OSt
005 20220930094951.0
006 a|||||r|||| 00| 0
007 ta
008 220926b |||||||| |||| 00| 0 hin d
024 _a62653
037 _cTheses
040 _aCRL
_cCRL
_bhin
041 _2hin
_ahin
100 _aसत्य प्रकाश सिंह, ले.
110 _aदिल्ली विश्वविद्यालय. कला संकाय. हिन्दी विभाग
245 0 _aसंक्रमणकालीन देश - दशा और उसकी साहित्यिक अभिव्यक्ति के आलोक में विद्यापति का काव्य
246 _aSankramaṇakālīn desh - dashā aur usakī sāhityik abhivyakti ke ālok mean vidyāpati kā kāvya
260 _c2018
300 _a295पृ0
_ap.
_ccm.
700 _aदिल्ली विश्वविद्यालय. कला संकाय. हिन्दी विभाग
942 _cDIS
_2CC
999 _c888074
_d888074